Statistics for Portuguese Translations of Song Titles #2

Click here to take the quiz!

General Stats

  • This quiz has been taken 185 times
  • The average score is 13 of 28

Answer Stats

HintAnswer% Correct
Negra ou BrancaBlack or White
85%
Um AmorOne Love
74%
Guarda-chuvaUmbrella
70%
RudeRude
68%
Embaixo da PonteUnder the Bridge
64%
Auto-estrada ao InfernoHighway to Hell
63%
Parte de MimPart of Me
63%
Se Eu Morrer JovemIf I Die Young
61%
Os Diamantes são Para SempreDiamonds are Forever
58%
Ela Vai Ser AmadaShe Will Be Loved
57%
Senhoras SolteirasSingle Ladies
55%
Campos de Morangos Para SempreStrawberry Fields Forever
55%
Doce Criança MinhaSweet Child of Mine
54%
Devo Ficar ou Devo Ir-meShould I Stay or Should I Go
50%
Avenida de Sonhos QuebradosBoulevard of Broken Dreams
45%
Espírito no CéuSpirit in the Sky
43%
Gotas de JúpiterDrops of Jupiter
40%
Rubi Terça-feiraRuby Tuesday
40%
Cegado pela LuzBlinded by the Light
35%
Beija-me pelo TelefoneKiss Me Thru the Phone
34%
Acaba Hoje à NoiteIt Ends Tonight
31%
No GuetoIn the Ghetto
23%
Nove da TardeNine in the Afternoon
20%
Língua AmarradaTongue Tied
18%
Boina FramboesaRaspberry Beret
15%
Lava-rápidoCar Wash
14%
Senhora GeléiaLady Marmalade
9%
Atirá-lo no SacoThrow it in the Bag
9%

Score Distribution

Percentile by Number Answered

Percent of People with Each Score

Your Score History

You have not taken this quiz